| 000 | 00501cam a2200193ua 4500 | ||
|---|---|---|---|
| 020 | _c4.00 | ||
| 041 |
_amal _h |
||
| 082 |
_a330.973 _bCOM/AM |
||
| 100 | _aCom , Gerhard . | ||
| 245 |
_aAmerican janathayude sambadvyavastha / _cGerhard Com. _hTextual Documents |
||
| 260 |
_aQuilon : _bSree Rama Vilasam Press & Book Depot , _c1965. |
||
| 300 | _a306 ; . | ||
| 365 | _a4.00 | ||
| 504 | _a | ||
| 700 | 1 | _aGeiger, Theodore . | |
| 942 | _cBK | ||
| 999 |
_c4838 _d4838 |
||